Sidemen Members by 3 Words - Statistics

General Stats
  • This quiz has been taken 157 times
  • The average score is 7 of 7
Answer Stats
Hint Answer % Correct
Forehead, Boxing, Music KSI
100%
Tall, Lanky, Football Simon
98%
India, Smart, Minecraft Vik
98%
Autism, Cancelled, Funny Harry
97%
Fat, Dad, Voice Crack Ethan
96%
Big Head, Beard, Old Josh
96%
Football, Nose, Short Tobi
96%
No matching quizzes found
Score Distribution
Percent of People with Each Score
Percentile by Number Answered
Your Score History
You have not taken this quiz